00347pab a2200121 454500008004000000100001900040245007800059260000900137300001000146362001500156650004100171773001300212180718b1983 xxu||||| |||| 00| 0 eng d aDatta, Abhijit aAn area - based property tax in IndiabAdvocacy for reform in West Bengal c1983 a44-50 aJuly-Sept. aProperty Taxes - India - West Bengal aNagarlok